00583nam a22001697a 450000500170000001000150001702000270003203500140005903700130007308200120008610000300009824500610012826000400018927001090022930000250033850000500036320190722123646.0 aENG-126024 a9788178442105c1495.00 aEN-109556 bDBAD/PUB a303.482 aMandal, Bindeshwar Prasad aGlobalization and society /cby Bindeshwar Prasad Mandal aNew DelhibR.K. Pulblicationsc2018 a4806/24, Bharat Ram Road, Darya GanjbNew Delhie110002k011-23285167, 65185557minfo@kkpublications.com aviii,296p.c25cm(Hb) aIncludes bibliographical references and index